000 00340nam a2200121Ia 4500
008 190216s9999||||xx |||||||||||||| ||und||
100 _aHarrison R M&Amp; De Mora S J
245 0 _aIntroductory Chemistry For The Environmental Sciences
260 _bCambridge Uty Press
_c1996
300 _a373p
650 _aChemistry-Chemistry
942 _cBK
999 _c3045
_d3045